000 01888cam a22002054a 4500
005 20250605163924.0
008 250528s ||||||||||||||||||||||||d
035 _a14473
020 _a9603449709
040 _aGR-AtMCL
_bgre
_dGR-AtMCL
_eAACR2
245 1 _aΟικογένεια και Όρια / Συστημική Προσέγιση
250 _a
260 _bΕλληνικά Γράμματα,
_c2000
300 _a368
520 _aΈνας νέος τρόπος προσέγγισης της ευρύτερης επιστημονικής γνώσης, αλλά και των θεμάτων που αφορούν τη μελέτη της οικογένειας και την ψυχοθεραπεία, τόσο σε θεωρητικό επίπεδο όσο και σε επίπεδο μεθοδολογίας. Πρόλογος, Εισαγωγή, Η Συστημική Προσέγγιση και η Εφαρμογή της στην Οικογένεια και την Οικογενειακή Θεραπεία, Οριοθέτηση του Συστήματος της Οικογένειας και του Ζευγαριού, Τύποι Ορίων στο Σύστημα της Οικογένειας, Τα Βασικότερα Υποσυστήματα στην Οικογένεια, Προβλήματα που Δημιουργούνται στο Σύστημα της Οικογένειας Εξαιτίας της μη Διαμόρφωσης Λειτουργικών Ορίων, Η Διαμόρφωση των Ορίων σε κάθε Στάδιο Ανάπτυξης του Παιδιού, Η Αποκατάσταση των Ορίων στη Θεραπευτική Προσέγγιση της Οικογένειας, Βιβλιογραφία.
700 1 _aΠαπαδιώτη-Αθανασίου Βασιλική
_9158
942 _cBK
999 _c103
_d103